
Library Catalogue

| 000 -LEADER | |
|---|---|
| fixed length control field | 00983nam a2200217Ia 4500 |
| 003 - CONTROL NUMBER IDENTIFIER | |
| control field | OSt |
| 005 - DATE AND TIME OF LATEST TRANSACTION | |
| control field | 20210507155032.0 |
| 008 - FIXED-LENGTH DATA ELEMENTS--GENERAL INFORMATION | |
| fixed length control field | 160316s2012 xxu||||| |||| 00| 0 eng d |
| 040 ## - CATALOGING SOURCE | |
| Transcribing agency | n |
| 082 ## - DEWEY DECIMAL CLASSIFICATION NUMBER | |
| Classification number | 344.012166 |
| Item number | KHA |
| 100 ## - MAIN ENTRY--PERSONAL NAME | |
| Personal name | Kharbanda V K |
| 245 ## - TITLE STATEMENT | |
| Title | Commentaries on employees' state Insurance act, 1948 |
| 250 ## - EDITION STATEMENT | |
| Edition statement | 3rd |
| 260 ## - PUBLICATION, DISTRIBUTION, ETC. | |
| Place of publication, distribution, etc. | Allahabad |
| Name of publisher, distributor, etc. | Law Publishing House |
| Date of publication, distribution, etc. | 2012 |
| 300 ## - PHYSICAL DESCRIPTION | |
| Extent | 1288p |
| Dimensions | xxxix |
| 365 ## - TRADE PRICE | |
| Price amount | Rs. 1,300 |
| 505 ## - FORMATTED CONTENTS NOTE | |
| Formatted contents note | PREAMBLE<br/><br/>CHAPTER 1<br/>PRELIMINARY<br/><br/>CHAPTER 2<br/>CORPORATION, STANDING COMMITTEE AND MEDICAL BENEFIT COUNCIL<br/><br/>CHAPTER 3<br/>FINANCE AND AUDIT<br/><br/>CHAPTER 4<br/>CONTRIBUTIONS<br/><br/>CHAPTER 5<br/>BENEFITS<br/><br/>CHAPTER 6<br/>ADJUDICATION OF DISPUTES AND CLAIMS<br/><br/>CHAPTER 7<br/>PENALTIES<br/><br/>CHAPTER 8<br/>MISCELLANEOUS<br/><br/>EMPLOYEES’ STATE INSURANCE (CENTRAL) RULES, 1950<br/>EMPLOYEES’ STATE INSURANCE (GENERAL) REGULATIONS, 1950<br/><br/>TABLE OF CASES |
| 650 ## - SUBJECT ADDED ENTRY--TOPICAL TERM | |
| Topical term or geographic name entry element | 1.Labour Welfare Laws - Employees State Insurance |
| 700 ## - ADDED ENTRY--PERSONAL NAME | |
| Personal name | |
| -- | |
| 942 ## - ADDED ENTRY ELEMENTS (KOHA) | |
| Source of classification or shelving scheme | Dewey Decimal Classification |
| Koha item type | BOOKs |
| Withdrawn status | Lost status | Damaged status | Not for loan | Home library | Current library | Shelving location | Date acquired | Total Checkouts | Full call number | Barcode | Date last seen | Date last checked out | Price effective from | Koha item type |
|---|---|---|---|---|---|---|---|---|---|---|---|---|---|---|
| . | . | 30.05.2017 | 1 | 344.012166 KHA | 32952 | 13.04.2024 | 12.04.2024 | 30.05.2017 | BOOKs |